The Beatles - The White Album (Tracks) - Statistics

General Stats
  • This quiz has been taken 287 times
  • The average score is 22 of 30
Answer Stats
Track Number Track Name % Correct
1 Back in the U.S.S.R.
99%
29 Revolution 9
89%
2 Dear Prudence
88%
7 While My Guitar Gently Weeps
85%
25 Revolution 1
84%
11 Blackbird
82%
30 Good Night
82%
17 Julia
82%
3 Glass Onion
81%
26 Honey Pie
80%
5 Wild Honey Pie
80%
4 Ob-La-Di, Ob-La-Da
77%
23 Helter Skelter
73%
12 Piggies
72%
13 Rocky Raccoon
72%
6 The Continuing Story of Bungalow Bill
72%
9 Martha My Dear
70%
18 Birthday
69%
8 Happiness Is a Warm Gun
69%
15 Why Don't We Do It in the Road?
69%
16 I Will
68%
27 Savoy Truffle
67%
22 Sexy Sadie
67%
24 Long, Long, Long
63%
19 Yer Blues
62%
14 Don't Pass Me By
59%
28 Cry Baby Cry
58%
21 Everybody's Got Something to Hide Except Me and My Monkey
55%
20 Mother Nature's Son
55%
10 I'm So Tired
49%
No matching quizzes found
Score Distribution
Percent of People with Each Score
Percentile by Number Answered
Your Score History
You have not taken this quiz